50 najludniejszych miast Unii Europejskiej - Statystyki

Ogólne statystyki
  • Ten quiz został rozwiązany 1 310 razy
  • Średni wynik to 37 z 50
Statystyki odpowiedzi
Lp Populacja Kraj Odpowiedź % Poprawnych
1 3,748,148 Niemcy Berlin
99%
2 3,348,536 Hiszpania Madryt
99%
5 2,140,526 Francja Paryż
99%
8 1,783,321 Polska Warszawa
99%
3 2,856,133 Włochy Rzym
98%
10 1,620,343 Hiszpania Barcelona
96%
24 774,839 Polska Kraków
96%
13 1,318,688 Czechy Praga
96%
6 1,911,728 Austria Wiedeń
96%
9 1,752,286 Węgry Budapeszt
94%
20 873,555 Holandia Amsterdam
93%
4 2,151,665 Rumunia Bukareszt
93%
15 1,208,542 Belgia Bruksela
92%
17 974,073 Szwecja Sztokholm
91%
33 641,607 Polska Wrocław
91%
29 664,046 Grecja Ateny
90%
11 1,471,508 Niemcy Monachium
90%
50 535,802 Polska Poznań
89%
14 1,478,330 Bułgaria Sofia
89%
27 682,679 Polska Łódź
88%
7 1,841,179 Niemcy Hamburg
87%
12 1,378,689 Włochy Mediolan
87%
32 648,042 Finlandia Helsinki
86%
36 626,508 Dania Kopenhaga
86%
22 804,049 Chowacja Zagrzeb
86%
45 557,440 Litwa Wilno
85%
35 632,614 Łotwa Ryga
84%
46 554,554 Irlandia Dublin
82%
18 959,188 Włochy Neapol
79%
25 753,056 Niemcy Frankfurt nad Menem
75%
21 862,211 Francja Marsylia
75%
19 875,698 Włochy Turyn
72%
39 587,010 Niemcy Dortmund
70%
31 651,870 Holandia Rotterdam
70%
16 1,085,664 Niemcy Kolonia
68%
26 688,711 Hiszpania Sewilla
62%
23 791,413 Hiszpania Walencja
57%
48 545,273 Holandia Haga
53%
38 587,857 Niemcy Lipsk
53%
30 663,401 Włochy Palermo
53%
47 554,649 Niemcy Drezno
51%
44 569,352 Niemcy Brema
45%
43 571,026 Hiszpania Malaga
42%
34 634,830 Niemcy Stuttgart
42%
37 619,294 Niemcy Düsseldorf
41%
41 579,281 Szwecja Göteborg
40%
42 578,000 Włochy Genua
38%
49 538,068 Niemcy Hanower
35%
40 583,393 Niemcy Essen
32%
28 666,880 Hiszpania Saragossa
27%
Nie znaleziono quizów pasujących do podanych kryteriów
Rozkład punktacji
Procent ludzi z każdym wynikiem
Percentyl według liczby udzielonych odpowiedzi
Twoja historia wyników
Nie rozwiązałeś tego quizu